| 000 | 00434nam a2200133 4500 | ||
|---|---|---|---|
| 005 | 20260424113605.0 | ||
| 008 | 260424b |||||||| |||| 00| 0 eng d | ||
| 020 | _a978-978-915-006-9 | ||
| 100 | _aDaniel E. Isaiah | ||
| 245 |
_aStep-Wise Approach to Calculations in Chemistry: A-One Series _c/ Isaiah .E. Daniel |
||
| 260 |
_aNigeria; _bGlow Sisa Enterprises Nigeria Limited; _c2009 |
||
| 300 |
_axi,290p.ill; _c21.3cm |
||
| 942 |
_2lcc _n0 _cBK |
||
| 999 |
_c236 _d236 |
||